Score 0/9 Timer 15:00
0 Plays Today
Question Answer % Correct
IT is a ________ brain. (vocab)sinister
50%
50%
What are Megs faults?Anger, impatience, and stubbornness
25%
How did Meg get into the column and what did she realize when in there?Meg used Mrs. Who's spectacles and realized you can't see without the glasses
25%
What kind of buisness suits did the men wear?They wore non-descript buisness suits
25%
Name four ways Mr. Murry has changed.His hair is long and needs cut, his brown hair and beard is shot with gray, his horn-rimmed glasses were gone from his face, and he looked like a shipwreched sailor
0%
What were the reasons Charles gave to Meg to give in?Charles said all her troubles would be over, that Camazotz is a wonderful place, It's perfect because everyone has learned to relax, give in, and submit
0%
Why did Charles say Meg is unhappy at school?Meg is uhappy because she is different
0%
What did the man with the red eyes try to get the children to recite?He tried getting them to recite the multiplication table
0%
Come Together.
Have Fun.
All Virtual.
We all need to come together. Play Sporcle's virtual live trivia to have fun, connect with people, and get your trivia on. Join a live hosted trivia game for your favorite pub trivia experience done virtually. If a virtual private party is more your thing, go here for details.

You're not logged in!

Compare scores with friends on all Sporcle quizzes.
OR
Log In

Sporcle TV

Today on Sporcle TV


Watch our educational content, quiz creation guides, and fun videos on Sporcle TV.

Show Comments

Extras

Created Feb 8, 2011ReportNominate
Tags:Extra

Top Quizzes Today


Score Distribution

Paid Content

Your Account Isn't Verified!

In order to create a playlist on Sporcle, you need to verify the email address you used during registration. Go to your Sporcle Settings to finish the process.

Report this User

Report this user for behavior that violates our Community Guidelines.

Details: